Presentación.

Furkejuvvon:
Bibliográfalaš dieđut
Searvvušdahkki: Centro de Estudios Educativos (México)
Materiálatiipa: Áigepublikašuvdna
Giella:espánnjágiella
Fáttát:
Liŋkkat:Ver documento en línea
Fáddágilkorat: Lasit fáddágilkoriid
Eai fáddágilkorat, Lasit vuosttaš fáddágilkora!

MARC

LEADER 00000cas^a2200000uu^4500
001 000494754
005 20260414000000.0
008 050705s1971^^^^^^^^^^^^r^^r^^000^0^spa^d
009 20260414173957.108
022 |a 01851284 
035 |a FCE 000038156 
035 |a FCE 038203 
037 |a Acervo ITESO - Biblioteca 
041 |a spa 
095 |a RLEE  |b 04-1-5 
110 |a Centro de Estudios Educativos (México) 
245 1 0 |a Presentación. 
264 |a México :  |b Centro de Estudios Educativos,  |c 2004. 
336 |a texto  |b txt  |2 rdacontenido 
337 |a sin mediación  |b n  |2 rdamedio 
338 |a volumen  |b nc  |2 rdasoporte 
649 |a XX 
650 |a Calidad de la educación 
650 |a México 
740 |g vol. 34, no. 4, ene./mar. 2004, pp. 5-8  |t Revista Latinoamericana de Estudios Educativos.Editorial. 
856 4 0 |u https://www.cee.edu.mx/rlee/revista/r2001_2010/r_texto/t_2004_1_01.pdf  |y Ver documento en línea 
910 |a Fondo Centro de Estudios Educativos 
920 |a Impresos - Libros 
930 |a Fondos Especiales 
905 |a 133 
902 |a https://opac.biblio.iteso.mx/vufind/Record/000494754